Statistics for Minecraft Music Discs

Click here to take the quiz!

General Stats

  • This quiz has been taken 15 times
  • The average score is 11 of 16

Answer Stats

AuthorMusic Disc% Correct
C41813
100%
C418Cat
100%
C41811
92%
Lena RainePigstep
92%
C418Chirp
75%
C418Mall
75%
C418Mellohi
67%
Lena RaineOtherside
67%
Aaron CherofRelic
67%
C418Wait
67%
C418Ward
58%
Samuel Åberg5
50%
C418Blocks
50%
C418Far
50%
C418Stal
50%
C418Strad
42%

Score Distribution

Percentile by Number Answered

Percent of People with Each Score

Your Score History

You have not taken this quiz